Mascotas inventadas /

Guardado en:
Autor Principal: Shua, Ana María
Otros Autores: Nobati, Eugenia; il.
Formato: Libro
Publicado: Buenos Aires : Sudamericana, 2013
Series:Los Caminadores
Materias:
Etiquetas: Agregar Etiqueta
Sin Etiquetas, Sea el primero en etiquetar este registro!
LEADER 00829nam a22002535a 4500
001 CEM.cems015307
005 20191113154327.0
008 130507s2013##################000#0#####d
003 CEMS
020 |a 9789500742160 
082 0 4 |a A868.4 
100 1 |a Shua, Ana María 
245 1 0 |a Mascotas inventadas /  |c Ana María Shua ; ilustrado Por Eugenia Nobati 
260 |a Buenos Aires :  |b Sudamericana,  |c 2013 
300 |a 32 p. 
490 0 |a Los Caminadores 
653 |a Literatura 
653 |a Literatura argentina 
653 |a Literatura infantil 
653 |a Cuentos infantiles 
653 |a Colección ciencias de la educación 
700 1 |a Nobati, Eugenia; il. 
859 |a CEMS  |b BIB. CEMS - Ccias. Educacion  |h A868.4  |i Sh91-1  |k CE  |p 28533.19  |t Ej.1 
859 |a CEMS  |b BIB. CEMS - Ccias. Educacion  |h A868.4  |i Sh91-1  |k CE  |p 28955.19  |t Ej.2